| 000 | 00491nam a22001817a 4500 | ||
|---|---|---|---|
| 003 | CEME | ||
| 005 | 20210628210714.0 | ||
| 008 | 210211b xxu||||| |||| 00| 0 eng d | ||
| 020 | _a0-07-882406-0 | ||
| 040 | _c. | ||
| 082 | _a005.7565 LON | ||
| 100 |
_aLoney, kevin _980633 |
||
| 245 | _aOracle 8 dba handbook | ||
| 260 |
_aOSBORNE _bMCGRAW HILL _c1998 |
||
| 300 | _a840P | ||
| 650 |
_aORACLE DATABASE ARCHITECTURE ORACLE DATABASE MANAGEMENT NETWORKED ORACLE _980634 |
||
| 942 |
_cBK _2ddc |
||
| 999 |
_c585530 _d585530 |
||